000 00675nam a2200193Ia 4500
003 GCL
008 140319s9999 xx 000 0 ara d
040 _aGCL /
_cGCL
082 0 4 _a347.07
_bع ع
100 1 _aعبدالفتاح مراد
_vReviewer
_@
…راجع
245 1 0 _aدعاوى اليبوع العقارية فى قانون المرافعات والقانون المدنى /
_cعبدالفتاح مراد
260 _a[S.N] :
_bالمكتب الجامعى الحديث ،
_c1990
300 _a479 ص
490 _a
650 0 4 _aالقانون
650 0 4 _aقانون المرافعات
650 0 4 _aالقانون المدنى
942 _2ddc
_cBK
999 _c54861
_d54861